000 00983nam0a22002651 4500
001 rc\3737650
005 20250610105952.0
021 _aRU
_b[74-21551]
035 _a(NLR Aleph) 007868990
090 _a7845192
_c7845191
100 _a20130115d1974 |||y0rusy50 ca
101 0 _arus
102 _aRU
105 _aa z |||||
200 1 _aФормы и методы развития творческого технического мышления учащихся на уроках специальной технологии токарного дела
210 _aМосква
_cВысш. школа
_d1974
215 _a102 с.
_cил.
_d20
225 1 _aОбмен опытом работы
606 _aТокарное дело
_xМетодика преподавания
_2psbo
700 1 _aСорокин
_bН.Я.
_gНиколай Яковлевич
801 0 _aRU
_bNLR
_gpsbo
801 1 _aRU
_bELAR
_2rusmarc
852 _aNLR
_j73-3/11780
942 _cBOOK
980 _aNB